000 00776nam a2200241 a 4500
001 000081046
005 20200120224426.0
008 161109s2010 ck a|||gr|||| 001 ||spa d
020 _a9790801628008
041 0 _a/+spa
043 _as-ck---
082 0 4 _a784.8
_bA22
_221
245 1 0 _aAcento :
_bobras originales par banda.
250 _a1a. ed.
260 _aBogotá :
_bMinisterio de Cultura,
_c2010.
300 _av. :
_bilustraciones.
_e+ 1 CD-ROM : Contiene todos los archivos en formato PDF
500 _aIncluye índice
501 _aPLan Nacionl de Música para la Convivencia
650 1 7 _aBandas de música
_2LEMB
650 2 7 _aAcento musical
_2LEMB
650 2 7 _aInstrumentos de viento
_xPartituras
_2LEMB
650 2 7 _aDirección de orqustas
_xPartituras
_2LEMB
999 _c9462
_d9462